<?xml version="1.0" encoding="UTF-8"?>
<collection xmlns="http://www.loc.gov/MARC21/slim">
 <record>
  <leader>01613nam a2200361 i 4500</leader>
  <controlfield tag="001">33610</controlfield>
  <controlfield tag="003">BD-DhAAL</controlfield>
  <controlfield tag="005">20180827121433.0</controlfield>
  <controlfield tag="008">182708t2013    bg a     s   f000 0 eng  </controlfield>
  <datafield tag="999" ind1=" " ind2=" ">
   <subfield code="c">39667</subfield>
   <subfield code="d">39667</subfield>
  </datafield>
  <datafield tag="010" ind1=" " ind2=" ">
   <subfield code="a">  2013413018</subfield>
  </datafield>
  <datafield tag="020" ind1=" " ind2=" ">
   <subfield code="a">9789849014393</subfield>
  </datafield>
  <datafield tag="020" ind1=" " ind2=" ">
   <subfield code="a">9849014393</subfield>
  </datafield>
  <datafield tag="025" ind1=" " ind2=" ">
   <subfield code="a">B-E-2013-413018; 22-92</subfield>
  </datafield>
  <datafield tag="035" ind1=" " ind2=" ">
   <subfield code="a">(OCoLC)869828172</subfield>
  </datafield>
  <datafield tag="037" ind1=" " ind2=" ">
   <subfield code="b">Library of Congress -- New Delhi Overseas Office</subfield>
  </datafield>
  <datafield tag="040" ind1=" " ind2=" ">
   <subfield code="a">DLC</subfield>
   <subfield code="b">eng</subfield>
   <subfield code="e">rda</subfield>
   <subfield code="c">DLC</subfield>
   <subfield code="d">OCLCF</subfield>
   <subfield code="d">EMU</subfield>
   <subfield code="d">BD-DhAAL</subfield>
  </datafield>
  <datafield tag="042" ind1=" " ind2=" ">
   <subfield code="a">lcode</subfield>
  </datafield>
  <datafield tag="043" ind1=" " ind2=" ">
   <subfield code="a">a-bg---</subfield>
  </datafield>
  <datafield tag="050" ind1="0" ind2="0">
   <subfield code="a">HD9987.B32</subfield>
   <subfield code="b">R46 2013</subfield>
  </datafield>
  <datafield tag="082" ind1=" " ind2=" ">
   <subfield code="2">21</subfield>
   <subfield code="a">658</subfield>
  </datafield>
  <datafield tag="245" ind1="0" ind2="0">
   <subfield code="a">Report on survey of selected business service, 2012 :</subfield>
   <subfield code="b">decorator service, recruiting service, security service and cleaning service /</subfield>
   <subfield code="c">Industry &amp; Labour Wing, Bangladesh Bureau of Statistics, Statistics &amp; Informatics Division, Ministry of Planning,</subfield>
  </datafield>
  <datafield tag="260" ind1=" " ind2=" ">
   <subfield code="a">Dhaka :</subfield>
   <subfield code="b">Industry &amp; Labour Wing, Bangladesh Bureau of Statistics, Statistics &amp; Informatics Division, Ministry of Planning,</subfield>
   <subfield code="c">2013.</subfield>
  </datafield>
  <datafield tag="300" ind1=" " ind2=" ">
   <subfield code="a">xxxv, 129 pages ;</subfield>
   <subfield code="c">28 cm.</subfield>
  </datafield>
  <datafield tag="500" ind1=" " ind2=" ">
   <subfield code="a">Includes statistical tables.</subfield>
  </datafield>
  <datafield tag="526" ind1=" " ind2=" ">
   <subfield code="a">AAL</subfield>
  </datafield>
  <datafield tag="541" ind1=" " ind2=" ">
   <subfield code="a">Development Book Agency</subfield>
   <subfield code="e">33610</subfield>
  </datafield>
  <datafield tag="650" ind1=" " ind2="0">
   <subfield code="a">Service industries</subfield>
   <subfield code="z">Bangladesh.</subfield>
   <subfield code="9">28000</subfield>
  </datafield>
  <datafield tag="650" ind1=" " ind2="7">
   <subfield code="a">Service industries.</subfield>
   <subfield code="9">28001</subfield>
  </datafield>
  <datafield tag="650" ind1=" " ind2="7">
   <subfield code="a">Service industries</subfield>
   <subfield code="x">Management.</subfield>
   <subfield code="9">28005</subfield>
  </datafield>
  <datafield tag="710" ind1="2" ind2=" ">
   <subfield code="a">Bangladesh Bureau of Statistics,</subfield>
   <subfield code="b">Statistics &amp; Informatics Division,</subfield>
   <subfield code="b">Ministry of Planning,</subfield>
   <subfield code="9">28003</subfield>
  </datafield>
  <datafield tag="942" ind1=" " ind2=" ">
   <subfield code="2">ddc</subfield>
   <subfield code="c">BK</subfield>
  </datafield>
  <datafield tag="952" ind1=" " ind2=" ">
   <subfield code="0">0</subfield>
   <subfield code="1">0</subfield>
   <subfield code="2">ddc</subfield>
   <subfield code="4">0</subfield>
   <subfield code="6">658_000000000000000_REP</subfield>
   <subfield code="7">0</subfield>
   <subfield code="9">63881</subfield>
   <subfield code="a">BRACUL</subfield>
   <subfield code="b">BRACUL</subfield>
   <subfield code="c">GEN</subfield>
   <subfield code="d">2018-07-23</subfield>
   <subfield code="e">Development Book Agency</subfield>
   <subfield code="g">350.00</subfield>
   <subfield code="l">0</subfield>
   <subfield code="o">658 REP</subfield>
   <subfield code="p">3010033610</subfield>
   <subfield code="r">2018-07-23</subfield>
   <subfield code="t">1</subfield>
   <subfield code="v">350.00</subfield>
   <subfield code="w">2018-07-23</subfield>
   <subfield code="y">BK</subfield>
  </datafield>
 </record>
</collection>
